000 00731cam a2200241 4500
999 _c233648
_d233648
001 302551
003 Nust
005 20170309143215.0
008 720504t19711949mau 000 1 eng
010 _a 72184728
020 _a9781844080724
040 _aDLC
_cDLC
_dDLC
_dOCoLC
_dDLC
050 0 0 _aPZ3.D8916
_bPar8
_aPR6007.U47
082 0 0 _a823.912
_bMAU
100 1 _aDu Maurier, Daphne,
_d1907-1989.
245 1 4 _aThe parasites.
260 _aCambridge, Mass.,
_bR. Bentley,
_c1949
300 _a337 p.
_c22 cm.
350 _a$8.50
650 0 _aGifted children
_xFiction.
655 7 _aDomestic fiction.
_2lcsh
906 _a7
_bcbc
_corignew
_d2
_encip
_f19
_gy-gencatlg
942 _2ddc
_cBK